[Event "Subang Jaya op 12th"]
[Site "Subang Jaya"]
[Date "2024.01.27"]
[Round "2"]
[White "Agarwal, Madhav"]
[Black "Koong, Chun Hong"]
[Result "1/2-1/2"]
[WhiteElo "1237"]
[BlackElo "1433"]
[PlyCount "97"]
[EventDate "2024.01.27"]
[EventType "swiss"]
[EventRounds "8"]
[EventCountry "MAS"]
[SourceTitle "CB06_2024"]
[SourceDate "2024.02.07"]
[SourceVersion "1"]
[SourceVersionDate "2024.02.07"]
[SourceQuality "1"]

1. c4 Nf6 2. Nc3 e5 3. e4 c6 4. g3 Bb4 5. Nge2 d5 6. cxd5 Bxc3 7. Nxc3 cxd5 8. exd5 Nxd5 9. Bg2 Be6 10. 0-0 Nc6 11. Qf3 Nf6 12. Qe2 Nd7 13. b3 0-0 14. Ba3 Re8 15. Nb5 Qa5 16. Bd6 Rec8 17. Nc3 Re8 18. b4 Qd8 19. Rfe1 Rc8 20. Qd1 f6 21. b5 Na5 22. Bb4 Nc5 23. Ne4 Nxe4 24. Bxe4 Rc4 25. Bxa5 Qxa5 26. Qh5 g6 27. Bxg6 hxg6 28. Qxg6+ Kf8 29. Qxf6+ Bf7 30. Qh8+ Bg8 31. Rxe5 Rxe5 32. Qxe5 Qxd2 33. Re1 Qd7 34. Qf6+ Bf7 35. Qh8+ Bg8 36. Qf6+ Bf7 37. h4 Qd4 38. Qh6+ Kg8 39. Qg5+ Qg7 40. Qd8+ Kh7 41. Qd3+ Qg6 42. Qf3 Kg7 43. h5 Qg4 44. Qxg4+ Rxg4 45. Re7 Kf6 46. Rxb7 Bxh5 47. Rxa7 Rb4 48. a4 Bd1 49. Ra6+ 1/2-1/2

[Event "Tanglin op"]
[Site "Singapore"]
[Date "2022.05.29"]
[Round "2"]
[White "Agarwal, Madhav"]
[Black "Ong, Yujing"]
[Result "0-1"]
[WhiteElo "1109"]
[BlackElo "1485"]
[PlyCount "46"]
[EventDate "2022.05.28"]
[EventType "swiss"]
[EventRounds "9"]
[EventCountry "SIN"]
[SourceTitle "CBM 208 Extra"]
[Source "ChessBase"]
[SourceDate "2022.07.31"]
[SourceVersion "1"]
[SourceVersionDate "2022.07.31"]
[SourceQuality "1"]

1. e4 c6 2. d4 d5 3. exd5 cxd5 4. Nc3 Nf6 5. h3 Bf5 6. Bd3 Bxd3 7. Qxd3 e6 8. Nf3 a6 9. 0-0 Nc6 10. a3 h6 11. Ne2 Bd6 12. c3 0-0 13. b4 Qc7 14. g3 Rfc8 15. Be3 Ne7 16. Rfc1 Ng6 17. c4 dxc4 18. Rxc4 Qxc4 19. Qxc4 Rxc4 20. Nd2 Rc2 21. Rc1 Rac8 22. Nf3 Rxc1+ 23. Nxc1 Nd5 0-1